|
|
|
|
| LEADER |
01126nam a2200277ua 4500 |
| 001 |
1086 |
| 003 |
BD-DhAAL |
| 005 |
20150710175135.0 |
| 008 |
150710s1994 dcu b 000 0 eng d |
| 020 |
|
|
|a 0887282571
|
| 040 |
|
|
|a CSt-H
|c CSt-H
|d NNC
|d BD-DhAAL
|
| 082 |
|
|
|a 327.1/72/0956
|
| 245 |
0 |
4 |
|a The Palestinian-Israeli peace agreement :
|b a documentary record.
|
| 250 |
|
|
|a Rev. 2nd. ed.
|
| 260 |
|
|
|a Washington, D.C. :
|b Institute for Palestine Studies,
|c c1994.
|
| 300 |
|
|
|a 306 p. ;
|c 23 cm.
|
| 504 |
|
|
|a Includes bibliographical references.
|
| 541 |
|
|
|e 1086
|
| 610 |
1 |
0 |
|a Israel.
|t Treaties, etc.
|g Munaẓẓamat al-Taḥrīr al-Filasṭīnīyah,
|d 1993 September 13.
|9 13009
|
| 650 |
|
0 |
|a Jewish-Arab relations
|v Sources.
|9 13010
|
| 650 |
|
0 |
|a Arab-Israeli conflict
|v Sources.
|9 13011
|
| 650 |
|
0 |
|a Palestinian Arabs
|x Politics and government
|v Sources.
|9 13012
|
| 710 |
2 |
|
|a Institute for Palestine Studies (Washington, D.C.)
|9 13013
|
| 942 |
|
|
|2 ddc
|c BK
|
| 999 |
|
|
|c 35012
|d 35012
|
| 952 |
|
|
|0 0
|1 0
|2 ddc
|4 0
|6 327_172095600000000_PAL
|7 0
|9 54894
|a SCL
|b SCL
|c GEN
|d 2015-07-10
|l 0
|o 327.1720956 PAL
|p 3020001086
|r 2015-07-10
|t 1
|w 2015-07-10
|y BK
|